000 00500nam a2200181Ia 4500
001 17829
005 20260306171546.0
008 260306s9999||||xx |||||||||||||| ||und||
041 _aESP
082 _a658.3
_bA43C
100 _aAlles, Martha Alicia
_eAUT
245 0 _aConstruyendo talento:
_bprogramas de desarrollo para el crecimiento de las personas y la continuidad de las organizaciones
260 _c2009
300 _a
_c
650 _aGEN
654 _aCAN
942 _cLIB
_dJUS
_fJUS
_2ddc
_n
999 _c17829
_d17829